[Event "Campeonato de Aragon por Equipos 2024 - "]
[Site "?"]
[Date "2024.02.10"]
[Round "3.18"]
[White "Felipo Martinez, Marcos"]
[Black "Citoler Serrat, Adriano"]
[Result "1/2-1/2"]
[WhiteElo "2033"]
[BlackElo "1928"]
[PlyCount "94"]
[GameId "2166508120551640"]
[EventDate "2024.01.27"]
[WhiteTeam "MyInvestor Casablanca B"]
[BlackTeam "Monzon"]

1. d4 Nf6 2. c4 e6 3. Nc3 Bb4 4. Qc2 O-O 5. Nf3 d5 6. cxd5 exd5 7. Bg5 c6 8. e3 Nbd7 9. Bd3 Be7 10. O-O Re8 11. Rab1 h6 12. Bh4 Ne4 13. Bxe7 Qxe7 14. b4 a6 15. a4 Ndf6 16. b5 axb5 17. axb5 Ra3 18. Rb3 Bg4 19. Rxa3 Qxa3 20. Nb1 Qd6 21. Ne5 Bd7 22. bxc6 bxc6 23. Rc1 Rxe5 24. dxe5 Qxe5 25. Nd2 Nxf2 26. Re1 Nxd3 27. Qxd3 c5 28. Nf3 Qh5 29. Rb1 Bf5 30. Rb8+ Kh7 31. Qa3 Be4 32. Rb2 c4 33. Ne1 Ng4 34. h3 Ne5 35. Rd2 Qh4 36. Rd1 Qg3 37. Qc3 Nd3 38. Qd2 c3 39. Qe2 Nxe1 40. Rxe1 c2 41. Rc1 Qe5 42. Rxc2 Bxc2 43. Qxc2+ Qe4 44. Qc3 h5 45. Qd2 h4 46. Qf2 f6 47. Qd2 Kg6 1/2-1/2

[Event "Campeonato de Aragon por Equipos 2024 - "]
[Site "?"]
[Date "2024.02.10"]
[Round "3.19"]
[White "Hidalgo Gracia, Andres"]
[Black "Miranda Herrera, Belen"]
[Result "1-0"]
[WhiteElo "1835"]
[BlackElo "1823"]
[PlyCount "95"]
[GameId "2166508120600793"]
[EventDate "2024.01.27"]
[WhiteTeam "Monzon"]
[BlackTeam "MyInvestor Casablanca B"]

1. Nf3 Nf6 2. c4 g6 3. Nc3 Bg7 4. e4 d6 5. d4 Nbd7 6. Be2 O-O 7. O-O e5 8. Qc2 a5 9. dxe5 dxe5 10. Rd1 Re8 11. Nd5 c6 12. Nxf6+ Bxf6 13. Be3 Qc7 14. c5 a4 15. b4 Nf8 16. Nd2 Be6 17. Bc4 Red8 18. Bxe6 Nxe6 19. Nc4 Nd4 20. Bxd4 exd4 21. Rd3 Bg7 22. g3 Re8 23. Nd6 Re6 24. f4 b5 25. Rf1 a3 26. e5 f6 27. Qb3 Qd7 28. f5 gxf5 29. Rxf5 Kh8 30. Rdf3 Rf8 31. g4 Rxe5 32. Rxe5 fxe5 33. Nf7+ Rxf7 34. Qxf7 Qxg4+ 35. Rg3 Qd1+ 36. Kg2 Qd2+ 37. Kh3 Qh6+ 38. Kg4 Qg6+ 39. Qxg6 hxg6 40. Rxa3 Bh6 41. Kf3 Bd2 42. Ra6 Bxb4 43. Rxc6 d3 44. Rc8+ Kg7 45. c6 e4+ 46. Kxe4 d2 47. Rd8 Ba5 48. Rxd2 1-0

[Event "Campeonato de Aragon por Equipos 2024 - "]
[Site "?"]
[Date "2024.02.10"]
[Round "3.20"]
[White "Lana Rodriguez, David"]
[Black "Romero Pallares, Daniel"]
[Result "0-1"]
[WhiteElo "2382"]
[BlackElo "2296"]
[PlyCount "88"]
[GameId "2166508120645850"]
[EventDate "2024.01.27"]
[WhiteTeam "Teruel"]
[BlackTeam "Palacio De Pioneros"]

1. e4 c6 2. d4 d5 3. Nc3 dxe4 4. Nxe4 Nf6 5. Nxf6+ exf6 6. Bc4 Bd6 7. Qe2+ Be7 8. Be3 O-O 9. Nf3 Re8 10. O-O-O b5 11. Bb3 Be6 12. d5 cxd5 13. Qxb5 Nd7 14. Bxd5 Rb8 15. Qa6 Bxd5 16. Rxd5 Qc7 17. Kb1 Nb6 18. Bxb6 Rxb6 19. Qd3 Reb8 20. b3 Rd6 21. Rxd6 Bxd6 22. Rd1 Bf8 23. g3 g6 24. Nd4 f5 25. f4 Bg7 26. Kb2 Bf6 27. c3 Kg7 28. Rd2 Qc5 29. a3 a5 30. b4 axb4 31. axb4 Kg8 32. Kb3 Qd5+ 33. Qc4 Qh1 34. Nc6 Qb1+ 35. Ka4 Qa1+ 36. Ra2 Ra8+ 37. Na5 Qd1+ 38. Qb3 Qd7+ 39. Ka3 Qd6 40. Kb2 Qd2+ 41. Kb1 Qe1+ 42. Kb2 Rc8 43. Ra3 Rxc3 44. Qxc3 Qd2+ 0-1

[Event "Campeonato de Aragon por Equipos 2024 - "]
[Site "?"]
[Date "2024.02.10"]
[Round "3.21"]
[White "Palacios Herrero, Pablo"]
[Black "Dominguez Bujeda, Jesus"]
[Result "1-0"]
[WhiteElo "2190"]
[BlackElo "2062"]
[PlyCount "103"]
[GameId "2166508120682715"]
[EventDate "2024.01.27"]
[WhiteTeam "Palacio De Pioneros"]
[BlackTeam "Teruel"]

1. e4 c5 2. Nf3 g6 3. d4 cxd4 4. Nxd4 Nc6 5. Nc3 Bg7 6. Be3 Nf6 7. Bc4 O-O 8. Bb3 Qc7 9. f3 a6 10. Qd2 b5 11. O-O-O Bb7 12. g4 e6 13. g5 Nh5 14. Nxc6 Bxc6 15. Ne2 a5 16. a3 a4 17. Ba2 b4 18. axb4 a3 19. b3 d5 20. b5 Bxb5 21. Nd4 Bc6 22. Nxc6 Qxc6 23. exd5 Bb2+ 24. Kb1 exd5 25. Qxd5 Rfc8 26. Qxc6 Rxc6 27. Bd4 Bc3 28. Rd3 Bb4 29. c3 Nf4 30. Re3 Bd6 31. Rhe1 Ne6 32. Bf6 Bf4 33. R3e2 Rf8 34. h4 Bg3 35. Rh1 Nf4 36. Rd2 Nh5 37. Bd4 Bf4 38. Rd3 Re8 39. b4 Ng3 40. Rhd1 Ne2 41. Bf6 Be5 42. Bxe5 Rxe5 43. Kc2 Re8 44. Bd5 Rb6 45. Kb3 Nf4 46. Rd4 Nxd5 47. Rxd5 Ra6 48. Rd8 Kf8 49. b5 Ra7 50. c4 a2 51. Rxe8+ Kxe8 52. Ra1 1-0

[Event "Campeonato de Aragon por Equipos 2024 - "]
[Site "?"]
[Date "2024.02.10"]
[Round "3.22"]
[White "Gomez Calomarde, Saul"]
[Black "Garcia Gracia, Victor Hugo"]
[Result "1-0"]
[WhiteElo "2031"]
[BlackElo "2171"]
[PlyCount "121"]
[GameId "2166508120715484"]
[EventDate "2024.01.27"]
[WhiteTeam "Teruel"]
[BlackTeam "Palacio De Pioneros"]

1. c4 Nf6 2. g3 e6 3. Bg2 d5 4. Nf3 Be7 5. O-O O-O 6. d3 Nbd7 7. Nc3 c6 8. Rb1 a6 9. b4 b5 10. e4 dxc4 11. dxc4 Qc7 12. Qe2 e5 13. Bh3 Nb6 14. Bxc8 Rfxc8 15. c5 Nc4 16. Nd2 Nxd2 17. Bxd2 Rd8 18. Be3 a5 19. a3 Qc8 20. Kg2 Qe6 21. f3 axb4 22. axb4 Ra3 23. Qb2 Ra7 24. Bf2 h6 25. Rfd1 Rad7 26. Rxd7 Rxd7 27. Nd1 Nh7 28. Ne3 g6 29. Ng4 Bf6 30. Nxh6+ Kg7 31. Ng4 Ng5 32. Qb3 Qe7 33. Rd1 Qd8 34. Rxd7 Qxd7 35. Qe3 Qd1 36. h4 Nh7 37. Qc3 g5 38. h5 Nf8 39. Be3 Ne6 40. Qd2 Qb3 41. Bf2 Qc4 42. Ne3 Qb3 43. Nf5+ Kh7 44. Qd7 Bg7 45. Nd6 f6 46. Qf7 g4 47. Qg6+ Kh8 48. Qxg4 Ng5 49. Qf5 Qd1 50. h6 Bxh6 51. Qxf6+ Kh7 52. Qf5+ Kh8 53. Qxe5+ Kh7 54. Qf5+ Kh8 55. Qf6+ Kh7 56. Nf7 Nxf7 57. Qxf7+ Bg7 58. e5 Qe2 59. Qf5+ Kg8 60. e6 Bf8 61. Qf7+ 1-0

[Event "Campeonato de Aragon por Equipos 2024 - "]
[Site "?"]
[Date "2024.02.10"]
[Round "3.23"]
[White "Climente Martinez, Jose Luis"]
[Black "Martin Catalan, Juan Vicente"]
[Result "1-0"]
[WhiteElo "2037"]
[BlackElo "1914"]
[PlyCount "61"]
[GameId "2166508120760541"]
[EventDate "2024.01.27"]
[WhiteTeam "Palacio De Pioneros"]
[BlackTeam "Teruel"]

1. d4 f5 2. c4 e6 3. g3 Nf6 4. Bg2 Bb4+ 5. Bd2 a5 6. a3 Be7 7. Nc3 O-O 8. e4 fxe4 9. Nxe4 Nc6 10. Ne2 e5 11. d5 Nxe4 12. Bxe4 Nb8 13. Nc3 d6 14. Qh5 g6 15. Bxg6 hxg6 16. Qxg6+ Kh8 17. O-O-O Bf5 18. Qh6+ Kg8 19. g4 Bh7 20. g5 Rf7 21. g6 Rg7 22. Rhg1 Kh8 23. gxh7 Qf8 24. Qe6 Na6 25. Bh6 Bg5+ 26. Bxg5 Rxg5 27. Rxg5 Qf4+ 28. Kb1 Qxg5 29. Ne4 Qh5 30. Qf6+ Kxh7 31. Ng5+ 1-0

[Event "Campeonato de Aragon por Equipos 2024 - "]
[Site "?"]
[Date "2024.02.10"]
[Round "3.24"]
[White "Garza Marco, Sergio"]
[Black "Lopez Gracia, Fernando"]
[Result "1/2-1/2"]
[WhiteElo "2376"]
[BlackElo "2252"]
[PlyCount "96"]
[GameId "2166508120797406"]
[EventDate "2024.01.27"]
[WhiteTeam "Helios"]
[BlackTeam "Iberajedrez Mundo 64"]

1. d4 Nf6 2. c4 e6 3. g3 d5 4. Nf3 Bb4+ 5. Bd2 Be7 6. Qc2 O-O 7. Bg2 c5 8. dxc5 Bxc5 9. cxd5 Qb6 10. O-O Nxd5 11. Ng5 Nf6 12. Nc3 Be7 13. Rac1 Nc6 14. Nce4 Nxe4 15. Bxe4 h6 16. Bh7+ Kh8 17. Nf3 Bd7 18. Be4 Rfd8 19. Be3 Qa5 20. a3 Rac8 21. Qb3 b6 22. Bf4 Qh5 23. Bb1 e5 24. Be3 f5 25. Rfd1 e4 26. Nd4 Ne5 27. Rxc8 Bxc8 28. h4 Qg4 29. Ba2 Qh3 30. Nf3 Rxd1+ 31. Qxd1 exf3 32. exf3 Bb7 33. Bd5 Bxd5 34. Qxd5 Bf6 35. Bd2 Ng6 36. Bxh6 Bxh4 37. Qf7 Bf6 38. Bxg7+ Bxg7 39. Qxg6 Bxb2 40. Qe8+ Kh7 41. Qd7+ Bg7 42. Qxa7 Qh6 43. Qd7 Qf6 44. a4 Kg6 45. Qe8+ Kh7 46. Kg2 Bf8 47. Qd7+ Kh6 48. a5 bxa5 1/2-1/2

[Event "Campeonato de Aragon por Equipos 2024 - "]
[Site "?"]
[Date "2024.02.10"]
[Round "3.25"]
[White "Palacios Latasa, Elias"]
[Black "Navarro Alonso, Jorge"]
[Result "0-1"]
[WhiteElo "2170"]
[BlackElo "2173"]
[PlyCount "88"]
[GameId "2166508120883423"]
[EventDate "2024.01.27"]
[WhiteTeam "Iberajedrez Mundo 64"]
[BlackTeam "Helios"]

1. e4 c5 2. Nf3 Nc6 3. Bb5 Nf6 4. e5 Nd5 5. O-O Nc7 6. Bxc6 dxc6 7. h3 h6 8. b3 Bf5 9. Nc3 g5 10. Bb2 Rg8 11. g4 Bg6 12. d4 cxd4 13. Nxd4 Qd7 14. Na4 e6 15. c4 O-O-O 16. Qf3 c5 17. Ne2 Qd3 18. Qxd3 Rxd3 19. Ng3 Be7 20. Rad1 Rgd8 21. Rxd3 Rxd3 22. Re1 Na6 23. Ba3 Nb4 24. Bxb4 cxb4 25. Kg2 Kc7 26. Re2 Kc6 27. f3 Bc5 28. Nxc5 Kxc5 29. Ne4+ Bxe4 30. fxe4 Kd4 31. Rf2 Kc3 32. Rxf7 Rd2+ 33. Kf3 Rxa2 34. Rxb7 Kxb3 35. c5 a5 36. Rb6 Rc2 37. Rxe6 Rxc5 38. Rxh6 Rxe5 39. h4 a4 40. hxg5 Rxg5 41. Kf4 Rg8 42. e5 a3 43. Ra6 a2 44. e6 Kb2 0-1

[Event "Campeonato de Aragon por Equipos 2024 - "]
[Site "?"]
[Date "2024.02.10"]
[Round "3.26"]
[White "Eizaguerri Floris, Maria"]
[Black "Villalba Embid, Marcos"]
[Result "0-1"]
[WhiteElo "2127"]
[BlackElo "2103"]
[PlyCount "108"]
[GameId "2166508120936672"]
[EventDate "2024.01.27"]
[WhiteTeam "Helios"]
[BlackTeam "Iberajedrez Mundo 64"]

1. e4 c6 2. d4 d5 3. e5 c5 4. dxc5 e6 5. a3 Bxc5 6. b4 Be7 7. Nf3 a5 8. b5 Nd7 9. Bd3 f6 10. Bb2 Nh6 11. O-O Nf7 12. c4 fxe5 13. cxd5 exd5 14. Bf5 e4 15. Bxg7 Rg8 16. Qd4 Rxg7 17. Qxg7 Bf6 18. Qg8+ Ke7 19. Qxd8+ Kxd8 20. Ra2 exf3 21. Be6 fxg2 22. Rd1 Ng5 23. Bxd5 Nh3+ 24. Kxg2 Nf4+ 25. Kf1 Nxd5 26. Rxd5 Ke7 27. Rh5 Nf8 28. Rc2 Bg4 29. Rd5 Ne6 30. Rc4 Rg8 31. Nd2 Bh3+ 32. Ke2 Rg4 33. Rxg4 Bxg4+ 34. Ke3 Bg5+ 35. Ke4 Be2 36. Nf3 Bf6 37. a4 Bxf3+ 38. Kxf3 b6 39. Rh5 Kf8 40. Ke4 Nc5+ 41. Kd5 Nxa4 42. Rxh7 Be7 43. f4 Nc3+ 44. Ke6 Bc5 45. f5 Nxb5 46. f6 Nd4+ 47. Kd5 a4 48. Ra7 a3 49. h4 Nc2 50. h5 a2 51. h6 Kg8 52. f7+ Kh8 53. Kc6 Na3 54. Ra5 a1=Q 0-1

[Event "Campeonato de Aragon por Equipos 2024 - "]
[Site "?"]
[Date "2024.02.10"]
[Round "3.27"]
[White "Martinez Cebolla, Alberto"]
[Black "Cerrajeria Ruiz, Jesus Maria"]
[Result "0-1"]
[WhiteElo "2048"]
[BlackElo "2060"]
[PlyCount "104"]
[GameId "2166508120973537"]
[EventDate "2024.01.27"]
[WhiteTeam "Iberajedrez Mundo 64"]
[BlackTeam "Helios"]

1. e4 c5 2. Nf3 Nc6 3. Bb5 Nf6 4. e5 Nd5 5. O-O Nc7 6. Bxc6 dxc6 7. h3 g6 8. b3 Bg7 9. Bb2 Bf5 10. Nh4 Qd7 11. d3 h5 12. f4 O-O-O 13. Nd2 f6 14. exf6 Bxf6 15. Bxf6 exf6 16. Nxf5 gxf5 17. Qf3 Qd4+ 18. Qf2 Nd5 19. Rae1 Rhg8 20. Qxd4 cxd4 21. Rf2 Rg7 22. Nf1 Rdg8 23. Ree2 Kd7 24. a3 a5 25. Kh1 c5 26. h4 b5 27. g3 Ne3 28. Nxe3 dxe3 29. Rxe3 Rxg3 30. Rxg3 Rxg3 31. Kh2 Rg4 32. Kh3 b4 33. axb4 axb4 34. Rg2 Kd6 35. Re2 Rxf4 36. Re8 Rf2 37. Rd8+ Ke5 38. Rh8 Rxc2 39. Rxh5 Rc3 40. Rh8 Rxd3+ 41. Kg2 Rxb3 42. h5 Kf4 43. h6 Rg3+ 44. Kh2 Rg6 45. h7 Rg7 46. Rc8 Rxh7+ 47. Kg2 Rg7+ 48. Kf2 Ra7 49. Rxc5 Ra2+ 50. Ke1 b3 51. Rc4+ Kg5 52. Rb4 b2 0-1

[Event "Campeonato de Aragon por Equipos 2024 - "]
[Site "?"]
[Date "2024.02.10"]
[Round "3.28"]
[White "Del Rey, Diego"]
[Black "Laliena Solanes, Luis"]
[Result "1-0"]
[WhiteElo "2302"]
[BlackElo "2159"]
[PlyCount "57"]
[GameId "2166508121022690"]
[EventDate "2024.01.27"]
[WhiteTeam "El Olivar"]
[BlackTeam "ONCE C. A. Aragon"]

1. d4 g6 2. e4 Bg7 3. c3 d6 4. Bd3 e5 5. Ne2 Nc6 6. O-O Nge7 7. d5 Nb8 8. c4 a5 9. Nbc3 O-O 10. Ng3 Na6 11. Bg5 Nc5 12. Bc2 h6 13. Be3 b6 14. Qd2 Kh7 15. a3 f5 16. exf5 Nxf5 17. b4 Nb7 18. Nxf5 Bxf5 19. Ne4 Qe7 20. f3 Rfc8 21. Qd3 Bf6 22. g4 Rg8 23. Nxf6+ Qxf6 24. gxf5 gxf5+ 25. Kh1 Rae8 26. Rg1 Qh4 27. Rxg8 Kxg8 28. Rg1+ Kh8 29. Qe2 1-0

[Event "Campeonato de Aragon por Equipos 2024 - "]
[Site "?"]
[Date "2024.02.10"]
[Round "3.29"]
[White "Gavin Roche, Enrique"]
[Black "Munoz Perez, Ivan"]
[Result "1-0"]
[WhiteElo "2164"]
[BlackElo "2259"]
[PlyCount "119"]
[GameId "2166508121067747"]
[EventDate "2024.01.27"]
[WhiteTeam "ONCE C. A. Aragon"]
[BlackTeam "El Olivar"]

1. d4 Nf6 2. c4 g6 3. Nc3 Bg7 4. e4 d6 5. Be2 O-O 6. Nf3 Nbd7 7. Bg5 h6 8. Bh4 c5 9. d5 a6 10. Nd2 g5 11. Bg3 Ne5 12. h4 Ng6 13. hxg5 hxg5 14. Nf3 Nh7 15. Rxh7 Kxh7 16. Nxg5+ Kg8 17. Bg4 e5 18. Bxc8 Rxc8 19. Qh5 Re8 20. Bh4 Qd7 21. Qh7+ Kf8 22. Ne6+ fxe6 23. Qxg6 Qf7 24. Qh7 Qf4 25. Qh5 Qh6 26. Qg4 Bf6 27. Bxf6 Qxf6 28. Ke2 Rc7 29. Rh1 Rg7 30. Rh8+ Ke7 31. Rxe8+ Kxe8 32. Qh3 Qg6 33. dxe6 Qg4+ 34. Qxg4 Rxg4 35. Kf3 Rh4 36. Nd5 Rh1 37. g3 Rg1 38. Kg4 b5 39. Kf5 Rh1 40. f4 exf4 41. gxf4 bxc4 42. Kf6 Rh6+ 43. Kg7 Rh2 44. f5 Rxb2 45. f6 Rg2+ 46. Kh7 Rh2+ 47. Kg6 Rg2+ 48. Kh5 Kf8 49. Nc7 Rh2+ 50. Kg4 Rh7 51. Nd5 Rh6 52. Kg5 Rh2 53. Nc7 Rh7 54. e7+ Rxe7 55. fxe7+ Kxe7 56. Nd5+ Kd7 57. Kf6 Kc6 58. Ke6 a5 59. a3 a4 60. Nc3 1-0

[Event "Campeonato de Aragon por Equipos 2024 - "]
[Site "?"]
[Date "2024.02.10"]
[Round "3.30"]
[White "Miranda Herrera, Miguel"]
[Black "Baigorri Navarro, Francisco Javier"]
[Result "1-0"]
[WhiteElo "2104"]
[BlackElo "2137"]
[PlyCount "67"]
[GameId "2166508121108708"]
[EventDate "2024.01.27"]
[WhiteTeam "El Olivar"]
[BlackTeam "ONCE C. A. Aragon"]

1. d4 Nf6 2. Nc3 d5 3. Bf4 e6 4. Nb5 Na6 5. e3 c6 6. Nc3 b6 7. a3 Bd6 8. Qf3 Bxf4 9. Qxf4 O-O 10. Nf3 Nc7 11. g4 a5 12. Bd3 Ba6 13. Ne5 Qd6 14. Bxa6 Rxa6 15. h4 Nd7 16. Nxd7 Qxd7 17. h5 Ne8 18. h6 g6 19. e4 f5 20. gxf5 exf5 21. exd5 cxd5 22. a4 Nc7 23. O-O-O Raa8 24. Rhe1 Rae8 25. Re5 Rxe5 26. dxe5 Ne6 27. Qh4 d4 28. Nb5 g5 29. Qg3 Kh8 30. c3 Rc8 31. Kb1 Qd5 32. Nxd4 f4 33. Qg4 Nxd4 34. Qxc8+ 1-0

[Event "Campeonato de Aragon por Equipos 2024 - "]
[Site "?"]
[Date "2024.02.10"]
[Round "3.31"]
[White "Soriano Gracia, Manuel"]
[Black "Galstyan, David"]
[Result "0-1"]
[WhiteElo "1941"]
[BlackElo "2052"]
[PlyCount "26"]
[GameId "2166508121149669"]
[EventDate "2024.01.27"]
[WhiteTeam "ONCE C. A. Aragon"]
[BlackTeam "El Olivar"]

1. e4 c5 2. Nf3 Nc6 3. d4 cxd4 4. Nxd4 e5 5. Nxc6 bxc6 6. Bc4 Bc5 7. O-O Qh4 8. Qe2 d6 9. Kh1 Nf6 10. Nc3 Ng4 11. h3 Nxf2+ 12. Kh2 Bxh3 13. Bg5 Ng4+ 0-1

[Event "Preferente Aragonesa 2024 - Grupo I"]
[Site "?"]
[Date "2024.02.10"]
[Round "3.32"]
[White "Remiro Juste, Fernando Jose"]
[Black "Gracia Suarez, Jesus"]
[Result "1-0"]
[WhiteElo "2221"]
[BlackElo "2057"]
[PlyCount "63"]
[GameId "2166508121194726"]
[EventDate "2024.01.27"]
[WhiteTeam "Agrupacion A"]
[BlackTeam "San Jose"]

1. d4 Nf6 2. Nf3 c5 3. e3 g6 4. dxc5 Bg7 5. Nbd2 Qa5 6. a3 Nc6 7. Be2 Ne4 8. O-O Nxc5 9. Rb1 Qc7 10. c3 a5 11. Nd4 O-O 12. Nb5 Qb8 13. b4 axb4 14. axb4 Na4 15. Qb3 d6 16. e4 Be6 17. Bc4 Bxc4 18. Nxc4 Ne5 19. Ne3 Rc8 20. Nd5 Kf8 21. Bg5 Nc6 22. Ra1 e6 23. Nf6 Bxf6 24. Bxf6 Nb6 25. Rxa8 Nxa8 26. Rd1 Ne5 27. Nxd6 Ng4 28. Bh4 Rc6 29. Bg3 Qa7 30. c4 Ra6 31. Nc8 Qb8 32. Bxb8 1-0

[Event "Preferente Aragonesa 2024 - Grupo I"]
[Site "?"]
[Date "2024.02.10"]
[Round "3.33"]
[White "Gutierrez Mingueza, Ruben"]
[Black "Mimbela Lopez, Luis"]
[Result "1-0"]
[WhiteElo "2003"]
[BlackElo "2007"]
[PlyCount "59"]
[GameId "2166508121231591"]
[EventDate "2024.01.27"]
[WhiteTeam "San Jose"]
[BlackTeam "Agrupacion A"]

1. d4 Nf6 2. c4 g6 3. Nc3 Bg7 4. Nf3 O-O 5. Bg5 d6 6. e3 Nbd7 7. Be2 c5 8. O-O a6 9. Qc2 h6 10. Bh4 b6 11. Rad1 Bb7 12. d5 Ne5 13. Nxe5 dxe5 14. f4 exf4 15. exf4 Bc8 16. Rfe1 Ra7 17. a4 Bf5 18. Bd3 Bg4 19. Rd2 Qd6 20. f5 gxf5 21. Bxf5 Bxf5 22. Qxf5 e6 23. Qf3 exd5 24. Rf1 Ne4 25. Qxe4 Bd4+ 26. Rxd4 cxd4 27. Nxd5 f5 28. Qxd4 Qc5 29. Bf2 Qxd4 30. Bxd4 1-0

[Event "Preferente Aragonesa 2024 - Grupo I"]
[Site "?"]
[Date "2024.02.10"]
[Round "3.34"]
[White "Barros Gutierrez, Angel Luis"]
[Black "Palomar Ramon, Santiago"]
[Result "1-0"]
[WhiteElo "1991"]
[BlackElo "1879"]
[PlyCount "71"]
[GameId "2166508121333992"]
[EventDate "2024.01.27"]
[WhiteTeam "Agrupacion A"]
[BlackTeam "San Jose"]

1. d4 Nf6 2. c4 e5 3. dxe5 Ne4 4. a3 b6 5. g3 Bb7 6. Nf3 Bc5 7. e3 a5 8. Bg2 O-O 9. Qc2 f5 10. Nfd2 Nd6 11. Bd5+ Bxd5 12. cxd5 Nb7 13. Nc3 Qe8 14. Nf3 Nd8 15. Na4 Na6 16. Bd2 Qh5 17. Qd1 Re8 18. Bc3 b5 19. Nxc5 Nxc5 20. Nd4 Qxd1+ 21. Rxd1 b4 22. axb4 Ne4 23. Nb5 Nxc3 24. bxc3 Rxe5 25. Nxc7 Ra7 26. Nb5 Ra6 27. Ke2 axb4 28. c4 Nb7 29. Ra1 Ra5 30. Rhb1 b3 31. Rxa5 Nxa5 32. Kd3 Re8 33. Kc3 Rc8 34. Nd6 Rc5 35. Kb4 Rc7 36. Kxa5 1-0

[Event "Preferente Aragonesa 2024 - Grupo I"]
[Site "?"]
[Date "2024.02.10"]
[Round "3.35"]
[White "Tarela Perez, Jose Gerardo"]
[Black "Carruez Berges, Santiago"]
[Result "0-1"]
[WhiteElo "1688"]
[BlackElo "1914"]
[PlyCount "73"]
[GameId "2166508121370857"]
[EventDate "2024.01.27"]
[WhiteTeam "San Jose"]
[BlackTeam "Agrupacion A"]

1. e4 e6 2. d4 d5 3. e5 c5 4. c3 Nc6 5. Nf3 Bd7 6. a3 c4 7. g3 f6 8. Nbd2 Qc7 9. Qe2 O-O-O 10. h4 Nh6 11. Bh3 Nf7 12. exf6 gxf6 13. b3 cxb3 14. O-O e5 15. Bxd7+ Qxd7 16. Nxb3 Qh3 17. Nh2 Rg8 18. Kh1 Bd6 19. Rg1 e4 20. Bd2 Rg7 21. c4 Qe6 22. cxd5 Qxd5 23. Qe3 f5 24. Rg2 Rdg8 25. Nf1 f4 26. Qc3 e3 27. Bxe3 fxe3 28. Qxe3 Nfd8 29. Nfd2 Ne6 30. Ne4 Be7 31. Nc3 Qxb3 32. d5 Ned8 33. Rb1 Qc4 34. dxc6 Nxc6 35. Rgg1 Bc5 36. Qf3 Rf8 37. Qd5 0-1

[Event "Preferente Aragonesa 2024 - Grupo I"]
[Site "?"]
[Date "2024.02.10"]
[Round "3.36"]
[White "Carrasquer Alonso, Luis"]
[Black "Malo Guillen, Jose Luis"]
[Result "1/2-1/2"]
[WhiteElo "1816"]
[BlackElo "2070"]
[PlyCount "105"]
[GameId "2166508121407722"]
[EventDate "2024.01.27"]
[WhiteTeam "Jaque - Aramovil B"]
[BlackTeam "Las Fuentes"]

1. d4 d5 2. Nf3 c5 3. c3 cxd4 4. cxd4 Nf6 5. Nc3 a6 6. Bf4 e6 7. e3 Bd6 8. Bxd6 Qxd6 9. Bd3 Nbd7 10. O-O O-O 11. Rc1 b5 12. e4 dxe4 13. Nxe4 Qd5 14. Qe2 Bb7 15. Nc5 Nxc5 16. dxc5 Rac8 17. b4 Qh5 18. Ne5 Qxe2 19. Bxe2 Nd5 20. c6 Ba8 21. a4 Nxb4 22. axb5 axb5 23. Bxb5 Rc7 24. Rb1 Nd5 25. Ba6 Bxc6 26. Rfc1 Ba4 27. Rxc7 Nxc7 28. Be2 f6 29. Rb4 Ra8 30. Bf3 Nd5 31. Bxd5 exd5 32. Nf3 Bd1 33. Nd4 Ra4 34. Rxa4 Bxa4 35. Kf1 Kf7 36. Ke2 Bd7 37. Ke3 Ke7 38. f4 g6 39. Kd3 h5 40. g3 Kd6 41. Kc3 Bf5 42. Kb4 Bd3 43. Kc3 Be4 44. Kb4 g5 45. Kb5 h4 46. Kb6 Ke7 47. Kc7 h3 48. Kc6 gxf4 49. gxf4 Kf7 50. Kd6 Kg6 51. Ke6 Bg2 52. Ke7 Be4 53. Ke6 1/2-1/2

[Event "Preferente Aragonesa 2024 - Grupo I"]
[Site "?"]
[Date "2024.02.10"]
[Round "3.37"]
[White "Roman Gimeno, Javier"]
[Black "Torrente Gayarre, Lorenzo"]
[Result "0-1"]
[WhiteElo "1844"]
[BlackElo "1669"]
[PlyCount "70"]
[GameId "2166508121444587"]
[EventDate "2024.01.27"]
[WhiteTeam "Las Fuentes"]
[BlackTeam "Jaque - Aramovil B"]

1. d4 d5 2. c4 c6 3. Nf3 Nf6 4. g3 g6 5. Bg2 Bg7 6. O-O O-O 7. Nbd2 e6 8. Qc2 Nbd7 9. Rd1 b6 10. e4 Nxe4 11. Nxe4 dxe4 12. Qxe4 Bb7 13. Bg5 Qc8 14. Ne5 f6 15. Nxd7 Qxd7 16. Bf4 Rad8 17. Rd2 g5 18. Be3 f5 19. Qf3 f4 20. gxf4 gxf4 21. Bxf4 e5 22. dxe5 Qxd2 23. Bxd2 Rxf3 24. Bxf3 Rxd2 25. e6 Kf8 26. Re1 Ke7 27. b3 Bd4 28. Re4 c5 29. Rf4 Bxf3 30. Rxf3 Kxe6 31. Rh3 Rxf2 32. Kh1 Kf5 33. Rxh7 Kg4 34. b4 Rf1+ 35. Kg2 Rg1# 0-1

[Event "Preferente Aragonesa 2024 - Grupo I"]
[Site "?"]
[Date "2024.02.10"]
[Round "3.38"]
[White "Lamelas Andreu, Jose Carlos"]
[Black "Javierre Conesa, Alfonso"]
[Result "1/2-1/2"]
[WhiteElo "1611"]
[BlackElo "1822"]
[PlyCount "120"]
[GameId "2166508121481452"]
[EventDate "2024.01.27"]
[WhiteTeam "Jaque - Aramovil B"]
[BlackTeam "Las Fuentes"]

1. f4 d5 2. Nf3 Nf6 3. e3 c5 4. Bb5+ Bd7 5. Qe2 e6 6. Ne5 a6 7. Bxd7+ Nbxd7 8. O-O Qc7 9. d4 Be7 10. Nd2 Rc8 11. c3 O-O 12. Rf3 b5 13. Rh3 g6 14. g4 Kg7 15. Qg2 b4 16. Nxd7 Nxd7 17. Nf3 bxc3 18. g5 Rh8 19. bxc3 c4 20. Ne5 Nxe5 21. fxe5 Rb8 22. e4 dxe4 23. Qxe4 Qb7 24. Qe2 Qd5 25. Rf3 Rb5 26. h4 Qb7 27. Rf1 Qd5 28. Qf2 Rf8 29. Qe2 Rb7 30. h5 Qc6 31. h6+ Kg8 32. Qf2 Qe4 33. Qg2 Qxg2+ 34. Kxg2 Rfb8 35. Rf2 Rb1 36. Rxb1 Rxb1 37. Rc2 Kf8 38. Kf3 Ke8 39. Ke4 Kd7 40. d5 exd5+ 41. Kxd5 Rb5+ 42. Kxc4 Rxe5 43. Rg2 Kc6 44. Bd2 Bd8 45. Rf2 Re4+ 46. Kd3 Re7 47. Rf6+ Kb7 48. Kc2 Ba5 49. Kb3 Bd8 50. c4 Rd7 51. Rf2 Bb6 52. Re2 Rd3+ 53. Kc2 Rf3 54. Bb4 Bd8 55. Be7 Bxe7 56. Rxe7+ Kc6 57. Re8 Rf5 58. Rh8 Rxg5 59. Rxh7 Rh5 60. Rxf7 Rxh6 1/2-1/2

[Event "Preferente Aragonesa 2024 - Grupo I"]
[Site "?"]
[Date "2024.02.10"]
[Round "3.39"]
[White "Artal Alegria, Francisco Javier"]
[Black "Broto Izquierdo, Sixto"]
[Result "1-0"]
[WhiteElo "1747"]
[BlackElo "1560"]
[PlyCount "39"]
[GameId "2166508121526509"]
[EventDate "2024.01.27"]
[WhiteTeam "Las Fuentes"]
[BlackTeam "Jaque - Aramovil B"]

1. e4 d6 2. d4 Nf6 3. Nc3 e5 4. Nf3 Nbd7 5. Bd3 Be7 6. O-O O-O 7. h3 Re8 8. Be3 c6 9. a4 b6 10. Bc4 h6 11. dxe5 dxe5 12. Qd2 Qc7 13. Bxh6 gxh6 14. Qxh6 Bf8 15. Qg6+ Kh8 16. Bxf7 Re7 17. Nh4 Qd8 18. Rad1 Ba6 19. Rfe1 Rc8 20. Re3 1-0

[Event "Preferente Aragonesa 2024 - Grupo I"]
[Site "?"]
[Date "2024.02.10"]
[Round "3.40"]
[White "Aranaz Murillo, Amalia"]
[Black "Luis Vitalla, Fernando"]
[Result "1-0"]
[WhiteElo "2235"]
[BlackElo "2097"]
[PlyCount "101"]
[GameId "2166508121563374"]
[EventDate "2024.01.27"]
[WhiteTeam "Palacio De Pioneros B"]
[BlackTeam "Atletismo Huesca"]

1. Nf3 d5 2. g3 Nf6 3. c4 c6 4. Bg2 dxc4 5. a4 g6 6. Na3 Be6 7. Qc2 Bg7 8. Nxc4 Na6 9. d3 Nb4 10. Qc3 a5 11. Bd2 O-O 12. Qc1 Nd7 13. Bc3 Nc5 14. O-O Nb3 15. Qd1 Nxa1 16. Qxa1 Nc2 17. Qc1 Nd4 18. Nxd4 Bxd4 19. b3 Bxc3 20. Qxc3 Bd5 21. Bh3 b5 22. Ne5 Qd6 23. Nd7 Rfd8 24. Nc5 b4 25. Qc2 Ra7 26. e4 Be6 27. Bxe6 fxe6 28. Qc4 Kf7 29. Kg2 Qd4 30. Nxe6 Qxc4 31. Nxd8+ Ke8 32. dxc4 Kxd8 33. Rd1+ Ke8 34. Kf3 Kf7 35. Rd8 Ke6 36. Ke3 c5 37. f4 Ra6 38. Rc8 Rd6 39. Rxc5 Rd1 40. Rxa5 Rb1 41. Rb5 Rxb3+ 42. Kd4 Rb1 43. a5 Kd6 44. c5+ Kc6 45. Rb6+ Kc7 46. a6 Ra1 47. Kc4 b3 48. Kxb3 Rb1+ 49. Kc4 Rxb6 50. cxb6+ Kxb6 51. Kd5 1-0